书目信息 |
| 题名: |
德语报刊阅读
|
|
| 作者: | 桂乾元 编著 | |
| 分册: | ||
| 出版信息: | 北京 北京大学出版社 2001 |
|
| 页数: | 422页 | |
| 开本: | 20cm | |
| 丛书名: | ||
| 单 册: | ||
| 中图分类: | H339.4 | |
| 科图分类: | ||
| 主题词: | 报刊--德语--语言读物 | |
| 电子资源: | ||
| ISBN: | 7-301-05097-6 | |
| 000 | 00559nam0 2200193 450 | |
| 001 | 0738171691 | |
| 005 | 20070714163110.75 | |
| 010 | @a7-301-05097-6@dCNY23.00 | |
| 100 | @a20070714d2001 km y0chiy0120 ea | |
| 101 | 0 | @achi |
| 102 | @aCN@b110000 | |
| 200 | 1 | @a德语报刊阅读@Ade yu bao kan yue du@f桂乾元编著@Fgui qian yuan bian zhu |
| 210 | @a北京@c北京大学出版社@d2001@h2003 | |
| 215 | @a422页@d20cm | |
| 606 | 0 | @a报刊@x德语@x语言读物 |
| 690 | @aH339.4@v3 | |
| 701 | 0 | @a桂乾元@Agui qian yuan@4编著 |
| 801 | 0 | @aCN@bPFT@c20070714 |
| 905 | @a10447@dH339.4@e112 | |
| 德语报刊阅读/桂乾元编著.-北京:北京大学出版社,2001(2003) |
| 422页;20cm |
| ISBN 7-301-05097-6:CNY23.00 |
| ● |
| 相关链接 |
|
|
|
|
正题名:德语报刊阅读
索取号:H339.4/112
 
预约/预借
| 序号 | 登录号 | 条形码 | 馆藏地/架位号 | 状态 | 备注 |
| 1 | 0779224 | 207792245 | 第二样本阅览室/ [索取号:H339.4/112] | 在馆 |